Biểu tượng Neak trong văn hoá của người Khmer ở Nam Bộ : Sưu tầm văn hoá dân gian
Trình bày cơ sở lý luận về biểu tượng và quá trình hình thành biểu tượng văn hoá; khái quát biểu tượng Neak trong văn hoá vật thể, phi vật thể của người Khmer ở Nam Bộ.
Guardat en:
| Autor principal: | |
|---|---|
| Format: | Llibre |
| Idioma: | Undetermined |
| Publicat: |
Hà Nội
Hội Nhà văn
2019
|
| Matèries: | |
| Etiquetes: |
Afegir etiqueta
Sense etiquetes, Sigues el primer a etiquetar aquest registre!
|
| Thư viện lưu trữ: | Trung tâm Học liệu Trường Đại học Cần Thơ |
|---|
| LEADER | 00943nam a2200217Ia 4500 | ||
|---|---|---|---|
| 001 | CTU_235510 | ||
| 008 | 210402s9999 xx 000 0 und d | ||
| 082 | |a 398.469095971 | ||
| 082 | |b Ph561 | ||
| 100 | |a Thạch, Nam Phương | ||
| 245 | 0 | |a Biểu tượng Neak trong văn hoá của người Khmer ở Nam Bộ : | |
| 245 | 0 | |b Sưu tầm văn hoá dân gian | |
| 245 | 0 | |c Thạch Nam Phương | |
| 260 | |a Hà Nội | ||
| 260 | |b Hội Nhà văn | ||
| 260 | |c 2019 | ||
| 520 | |a Trình bày cơ sở lý luận về biểu tượng và quá trình hình thành biểu tượng văn hoá; khái quát biểu tượng Neak trong văn hoá vật thể, phi vật thể của người Khmer ở Nam Bộ. | ||
| 650 | |a Dân gian,Folklore | ||
| 650 | |z Việt Nam,Vietnam | ||
| 910 | |b dqhieu | ||
| 980 | |a Trung tâm Học liệu Trường Đại học Cần Thơ | ||